| 000 | 01104cam a22002531i 4500 | ||
|---|---|---|---|
| 003 | SA-RiAUC | ||
| 005 | 20241205132329.0 | ||
| 008 | 241204s1982 ua g b 00000 ara c | ||
| 040 |
_aSA-JeALM _bara _cSA-RiAUC _erda |
||
| 082 | 0 | 4 |
_a251 _qSA-RiAUC |
| 090 |
_a251 _b ب د ر |
||
| 100 | 1 |
_aبدران، بدران أبو العينين _eمؤلف. |
|
| 245 | 1 | 0 |
_aبيان النصوص التشريعية : _bطرقه وأنواعه، البيان القولي، والفعلي، البيان بالإشارة والكتاب … / _cبدران أبو العينين بدران. |
| 264 | 1 |
_aالإسكندرية، مصر : _bمؤسسة شباب الجامعة، _c1982 |
|
| 300 |
_a247 صفحة ؛ _c25 سم |
||
| 336 |
_aنص _btxt _2rdacontent _3كتاب |
||
| 337 |
_aبدون وسيط _bn _2rdamedia |
||
| 338 |
_aمجلد _bnc _2rdacarrier |
||
| 504 | _aيشتمل على إرجاعات ببليوجرافية. | ||
| 650 | 7 |
_aأصول الفقه الإسلامي _2aucsh |
|
| 650 | 7 |
_aالشريعة الإسلامية _2aucsh |
|
| 942 |
_2ddc _cBOOK _n0 |
||
| 949 |
_aSA-JeALM _d241204 _uosman123 _n1 |
||
| 999 |
_c3060 _d3060 |
||